Religions by gods - Statistics

General Stats
  • This quiz has been taken 50 times
  • The average score is 4 of 10
Answer Stats
gods Answer % Correct
Zeus, Poseidon,Athena Greek
100%
Jupiter, Venus,
Juno
Roman
98%
Amon-Ra, Osiris,Annubis Egyptian
91%
Ameratsu, The Kami Shinto
27%
Dagda, Cernunnos,Morrigan Celtic
18%
Yuhuang,Xi-Wangmu, Cai Shen Taoism
11%
Brahma, Vinshu,Shiva Ancient Hindu
2%
Baal, El, Asherah Canaanite
2%
Thor, Odin, Frigg GermanicPaganism
2%
Marduk, Anu, Enlil Mesopotamian
2%
No matching quizzes found
Score Distribution
Percent of People with Each Score
Percentile by Number Answered
Your Score History
You have not taken this quiz